Die westlichen randformen der Maureidechse Lacerta muralis (<Reptilia, Lacertidae>) (Registro nro. 9326)
[ vista simple ]
| 000 -CABECERA | |
|---|---|
| Campo de control | 005660000a22001810004500 |
| 090 ## - CLASIFICACIÓN LOCAL | |
| Colección | AR |
| Consecutivo | 00226 |
| 041 0# - IDIOMA | |
| Código de idioma para texto/pista de sonido o título separado | |
| 100 1# - ASIENTO PRINCIPAL--NOMBRE PERSONAL | |
| Nombre personal | Klemmer, Konrad |
| 245 10 - MENCION DE TITULO | |
| Título | Die westlichen randformen der Maureidechse Lacerta muralis (<Reptilia, Lacertidae>) |
| 650 14 - ASIENTO SECUNDARIO DE MATERIA - TERMINO TEMATICO | |
| Término temático o nombre geográfico como elemento de entrada | Reptiles |
| 650 14 - ASIENTO SECUNDARIO DE MATERIA - TERMINO TEMATICO | |
| Término temático o nombre geográfico como elemento de entrada | Fauna |
| 650 14 - ASIENTO SECUNDARIO DE MATERIA - TERMINO TEMATICO | |
| Término temático o nombre geográfico como elemento de entrada | Herpetología |
| 650 14 - ASIENTO SECUNDARIO DE MATERIA - TERMINO TEMATICO | |
| Término temático o nombre geográfico como elemento de entrada | Taxonomía animal |
| 650 14 - ASIENTO SECUNDARIO DE MATERIA - TERMINO TEMATICO | |
| Término temático o nombre geográfico como elemento de entrada | Biología animal |
| 653 ## - TERMINO DE INDIZACION - NO CONTROLADO | |
| -- | Lacertidae |
| -- | Lacerta |
| -- | Lacerta muralis |
| 773 1# - Item fuente: | |
| Título | Senckenbergiana Biologica |
| Especificación de materiales | 2 |
| Descripción física | 3-5 |
| Paginas del Articulo | 491-499 |
| Lugar, editorial y fecha de publicación | 1964 |
| Información sobre la relación | 45 |
| 942 ## - ELEMENTOS ADICIONALES (KOHA) | |
| Tipo de ítem | Artículo |
| Withdrawn status | Lost status | Damaged status | No para préstamo | Colección | Ubicación Permanente | Ubicación actual | Fecha de adquisición | Fuente de Valor | Datos de publicación Seriada | Total Checkouts | Número topográfico | Inventario / Código de Barras | Date last seen | Ejemplar | Price effective from | Forma de adquisición | Tipo de material |
|---|---|---|---|---|---|---|---|---|---|---|---|---|---|---|---|---|---|
| No para Préstamo | Hemeroteca | Bogotá | Bogotá | 27/02/2015 | Muñoz Saba, Yaneth | Fuera de circulación | AR 00226 | 010468 | 25/03/2015 | 1 | 25/03/2015 | Artículo |